| LEADER | 00971nam a2200181 4500 | ||
|---|---|---|---|
| 082 | |a 515.076 |b NG527TH | ||
| 100 | |a Nguyễn Thành Dũng | ||
| 245 | |a Bài tập trắc nghiệm giải tích 12 / |c Nguyễn Thành Dũng.. | ||
| 260 | |a H.: |b GD, |c 2008 | ||
| 300 | |a 207 tr.; |b 24 cm | ||
| 520 | |a v...v.. | ||
| 653 | |a Toán học | ||
| 942 | |2 ddc |c STK0 | ||
| 999 | |c 6932 |d 6932 | ||
| 952 | |0 0 |1 0 |2 ddc |4 0 |6 515_076000000000000_NG527TH |7 0 |8 500 |9 64602 |a qbu |b qbu |c D3 |d 2015-01-26 |o 515.076 NG527TH |p 6877.c1 |r 0000-00-00 |w 2015-01-26 |y STK0 | ||
| 952 | |0 0 |1 0 |2 ddc |4 0 |6 515_076000000000000_NG527TH |7 0 |8 500 |9 64603 |a qbu |b qbu |c D3 |d 2015-01-26 |o 515.076 NG527TH |p 6877.c2 |r 0000-00-00 |w 2015-01-26 |y STK0 | ||
| 952 | |0 0 |1 0 |2 ddc |4 0 |6 515_076000000000000_NG527TH |7 0 |8 500 |9 64604 |a qbu |b qbu |c D3 |d 2015-01-26 |o 515.076 NG527TH |p 6877.c3 |r 0000-00-00 |w 2015-01-26 |y STK0 | ||
| 952 | |0 0 |1 0 |2 ddc |4 0 |6 515_076000000000000_NG527TH |7 0 |8 500 |9 64605 |a qbu |b qbu |c D3 |d 2015-01-26 |o 515.076 NG527TH |p 6877.c4 |r 0000-00-00 |w 2015-01-26 |y STK0 | ||